| 000 | 00743 a2200205 4500 | ||
|---|---|---|---|
| 003 | Nust | ||
| 005 | 20230301145217.0 | ||
| 010 | _a43012045 | ||
| 040 | _cNust | ||
| 082 | _a330,BEN | ||
| 100 |
_aBenham, Frederic Charles, _9109690 |
||
| 245 |
_aEconomics, _ba general textbook for students / _cFrederic Benham |
||
| 250 | _a3rd ed | ||
| 260 |
_aSir I. Pitman & sons, ltd _bLondon, _c1943 |
||
| 300 |
_axv, 534 p _bdiagrs _c22 cm |
||
| 505 | _aDemand (Page-3), Production (Page-101), The Working Of The Price System Under Capitalism (Page-155), Money And Banking (Page-351), International Trade (Page-413). | ||
| 600 |
_aBenham, Frederic Charles, _9109690 |
||
| 650 |
_aEconomics, a general textbook for students _9109691 |
||
| 942 |
_2ddc _cBK |
||
| 999 |
_c184470 _d184470 |
||